University Home | Library Home | Institutional Repository

A practical guide to the anatomy and physiology of Pacific salmon. (Record no. 159018)

MARC details
000 -LEADER
fixed length control field 00536cam9a220018100 4500
001 - CONTROL NUMBER
control field tmp15758536
003 - CONTROL NUMBER IDENTIFIER
control field UPRA
005 - DATE AND TIME OF LATEST TRANSACTION
control field 20190826090353.0
008 - FIXED-LENGTH DATA ELEMENTS--GENERAL INFORMATION
fixed length control field 951021s1976 xx eng u
035 ## - SYSTEM CONTROL NUMBER
System control number (Sirsi) r43442
035 ## - SYSTEM CONTROL NUMBER
System control number (UPRA)tmp15758536
040 ## - CATALOGING SOURCE
Transcribing agency UPRA
100 1# - MAIN ENTRY--PERSONAL NAME
Personal name Smith, Lynwood S., 1928-
Dates associated with a name Smith, Lynwood S., 1928-
Linkage A1221.1
245 12 - TITLE STATEMENT
Title A practical guide to the anatomy and physiology of Pacific salmon.
260 ## - PUBLICATION, DISTRIBUTION, ETC.
Date of publication, distribution, etc. 1976.
949 ## - LOCAL PROCESSING INFORMATION (OCLC)
a QL638
w lcc
i 33729000255815
m MAIN
p 2500
t BOOK
l ON-SHELF

No items available.

© 2026 - The University of Zambia Library - Koha v25.11